Yellow - Statistics

General Stats
  • This quiz has been taken 12 times
  • The average score is 15 of 40
Answer Stats
Hint Answer % Correct
Fruit B (6) Banana
78%
Flower D (8 letters) Daffodil
78%
Element G (4) Gold
78%
Animal L (4 letters) Lion
78%
Flower D (9) Dandelion
67%
Disease J (8) Jaundice
67%
Fruit L (5) Lemon
67%
Fruit M (5) Mango
67%
Pokemon Pi (7) Pikachu
67%
Spice S (7) Saffron
67%
Flower S (9) Sunflower
67%
Bird C (6) Canary
56%
Disease F (5) Fever
56%
Animal G (7) Giraffe
56%
Fruit P (9) Pineapple
56%
Food C (4) Corn
44%
National Park S (5) Stone
44%
Song S (9) Submarine
44%
Element S (6) Sulfur
44%
Bird W (7) Warbler
44%
Food C (6) Cheese
33%
Place R (5) River
33%
Character BB (3/4) Big Bird
22%
Food B (6) Butter
22%
Flower B (9) Buttercup
22%
Vehicle SB (6/3) School Bus
22%
Vehicle TC (4/3) Taxi Cab
22%
Bird C (5) Chick
11%
Thing H (11) Highlighter
11%
Food H (5) Honey
11%
Pokemon Ps (7) Psyduck
11%
Toy RD (6/4) Rubber Duck
11%
Rock A (5) Amber
0%
Rock C (7) Citrine
0%
Bird D (8) Duckling
0%
Bird G (9) Goldfinch
0%
Character M (6) Minion
0%
Thing P (5) Pages
0%
Thing SN (6/4) Sticky Note
0%
Book W (9) Wallpaper
0%
No matching quizzes found
Score Distribution
Percent of People with Each Score
Percentile by Number Answered
Your Score History
You have not taken this quiz